[Event "Barcelona Primavera La Lira op 11th"]
[Site "Barcelona"]
[Date "2018.06.07"]
[Round "9"]
[White "Sanchez Marin, Joan"]
[Black "Repiso Alvarez, Jorge"]
[Result "1/2-1/2"]
[WhiteElo "1977"]
[BlackElo "1902"]
[PlyCount "28"]
[EventDate "2018.04.12"]
[EventType "swiss"]
[EventRounds "9"]
[EventCountry "ESP"]
[SourceTitle "CBM 184 Extra"]
[Source "ChessBase"]
[SourceDate "2018.06.28"]
[SourceVersion "1"]
[SourceVersionDate "2018.06.28"]
[SourceQuality "1"]

1. Nf3 Nf6 2. d4 g6 3. c4 Bg7 4. Nc3 d5 5. e3 0-0 6. Be2 c5 7. 0-0 cxd4 8. exd4 dxc4 9. Bxc4 Bg4 10. h3 Bxf3 11. Qxf3 Nc6 12. Rd1 Qb6 13. Ne2 Rfd8 14. Qb3 Qxb3 1/2-1/2

[Event "Barcelona Primavera La Lira op 11th"]
[Site "Barcelona"]
[Date "2018.05.24"]
[Round "7"]
[White "Sanchez Marin, Joan"]
[Black "Gonzalez Muelas, Marco Antonio"]
[Result "1-0"]
[WhiteElo "1977"]
[BlackElo "1666"]
[PlyCount "65"]
[EventDate "2018.04.12"]
[EventType "swiss"]
[EventRounds "9"]
[EventCountry "ESP"]
[SourceTitle "CBM 184 Extra"]
[Source "ChessBase"]
[SourceDate "2018.06.28"]
[SourceVersion "1"]
[SourceVersionDate "2018.06.28"]
[SourceQuality "1"]

1. Nf3 d5 2. c4 Nf6 3. e3 g6 4. d4 Bg7 5. Nc3 0-0 6. Bd3 c6 7. Ne5 Nbd7 8. f4 Nxe5 9. fxe5 Ng4 10. h3 Nh6 11. 0-0 Nf5 12. g4 Nh6 13. e4 dxe4 14. Bxe4 f5 15. g5 fxe4 16. gxh6 Rxf1+ 17. Kxf1 Qf8+ 18. Kg2 Bxh6 19. Nxe4 Bf4 20. Ng3 Bd7 21. d5 Bxc1 22. Rxc1 Rd8 23. Qf1 Qh6 24. e6 Bxe6 25. dxe6 Rd2+ 26. Kh1 Rxb2 27. Qf7+ Kh8 28. Qe8+ Kg7 29. Qxe7+ Kg8 30. Qf7+ Kh8 31. Qf6+ Qg7 32. Qd8+ Qg8 33. e7 1-0

[Event "Barcelona Primavera La Lira op 11th"]
[Site "Barcelona"]
[Date "2018.04.12"]
[Round "1"]
[White "Volart Buil, Jordi"]
[Black "Sanchez Marin, Joan"]
[Result "0-1"]
[WhiteElo "1710"]
[BlackElo "1977"]
[PlyCount "60"]
[EventDate "2018.04.12"]
[EventType "swiss"]
[EventRounds "9"]
[EventCountry "ESP"]
[SourceTitle "CBM 184 Extra"]
[Source "ChessBase"]
[SourceDate "2018.06.28"]
[SourceVersion "1"]
[SourceVersionDate "2018.06.28"]
[SourceQuality "1"]

1. d4 Nf6 2. c4 e6 3. a3 b6 4. Nc3 Bb7 5. Qc2 Be7 6. e4 0-0 7. Be2 d6 8. f4 d5 9. cxd5 exd5 10. e5 Ne4 11. g3 c5 12. Be3 cxd4 13. Bxd4 Nc6 14. Nf3 Rc8 15. Rd1 h5 16. Qb3 Nxd4 17. Nxd4 Nxc3 18. bxc3 Qc7 19. Rc1 g6 20. 0-0 Bc5 21. Bf3 Bxd4+ 22. cxd4 Qxc1 23. Rxc1 Rxc1+ 24. Kf2 Rfc8 25. Bd1 R8c3 26. Qa4 Bc6 27. Qb4 Rc4 28. Qd2 Ra1 29. a4 Bxa4 30. Bxa4 Rcxa4 0-1

[Event "Barcelona Ideal Clave op 21st"]
[Site "Barcelona"]
[Date "2017.11.25"]
[Round "8"]
[White "Sanchez Marin, Joan"]
[Black "Capellades Subirana, Marc"]
[Result "1-0"]
[WhiteElo "2015"]
[BlackElo "2220"]
[PlyCount "85"]
[EventDate "2017.09.30"]
[EventType "swiss"]
[EventRounds "8"]
[EventCountry "ESP"]
[SourceTitle "CBM 181 Extra"]
[Source "ChessBase"]
[SourceDate "2017.12.12"]
[SourceVersion "1"]
[SourceVersionDate "2017.12.12"]
[SourceQuality "1"]

1. Nf3 Nf6 2. d4 e6 3. Bg5 c5 4. e3 d5 5. c3 Nbd7 6. Bd3 h6 7. Bh4 Bd6 8. Nbd2 Qc7 9. e4 dxe4 10. Nxe4 Nxe4 11. Bxe4 f5 12. Bc2 g5 13. d5 Nf8 14. Qe2 Qe7 15. 0-0-0 e5 16. Rhe1 Bd7 17. Nxe5 Bxe5 18. Qxe5 Qxe5 19. Rxe5+ Kf7 20. Bxf5 Bxf5 21. Rxf5+ Kg6 22. Rxf8 Rhxf8 23. Bg3 Rad8 24. c4 h5 25. h4 gxh4 26. Bxh4 Rd7 27. b3 Re8 28. Kd2 Kf5 29. Re1 Rxe1 30. Kxe1 b5 31. Kd2 bxc4 32. bxc4 Rb7 33. Kc2 Rb4 34. Kc3 Ra4 35. Be7 Rxa2 36. Bxc5 Ke5 37. g3 a6 38. Be3 Ra1 39. Bf4+ Kf6 40. c5 Ke7 41. c6 Ra4 42. d6+ Ke6 43. d7 1-0